000 00506nam a22001932 4500
001 0000005642
005 20151217160110.0
008 070620s xx 000 0 eng d
020 _a9966472371 :
_cKES 80
040 _aKABU
_cKABU
050 0 _aPZ90
_b.S94K5N9
100 1 _aKimunyi, Njiru.
_@0000156870
245 1 0 _aNyumba ya sungura.
260 _aNairobi :
_bPhoenix,
_c2003.
300 _a48 p.
908 _a070620
950 _@1
999 _c14210
_d14210